000 00917nam a2200265Ia 4500
003 OSt
005 20220923212537.0
006 a|||||r|||| 00| 0
007 ta
008 220922b |||||||| |||| 00| 0 hin d
024 _a153,928
037 _cTextual
040 _aARTS
_cARTS
_bhin
041 _2hin
_ahin
082 _aO152vN5, J6;K4
100 _aद्विवेदी, राम अवध
245 0 _aहिन्दी साहित्य के विकास की रूपरेखा
246 _aHindī sāhitya ke vikās kī rūparekhā
250 _aसंस्क 2
260 _aइलाहाबाद
_b भारती भडंार
_c1964
300 _a227 पृ.
_ccm.
650 _aहिन्दी साहित्य
_9156264
942 _hO152vN5, J6;K4
_cTEXL
_2CC
999 _c309556
_d309556